Environmentálne dane v krajinách Európskej Únie bakalárska práca

Salvato in:
Dettagli Bibliografici
Autore principale: Dobiašová, Kristína
Ente Autore: Národohospodárska fakulta EU. Katedra financií
Altri autori: Geško, Martin
Natura: Libro
Lingua:slovacco
Pubblicazione: Bratislava 2009
Tags: Aggiungi Tag
Nessun Tag, puoi essere il primo ad aggiungerne!!

MARC

LEADER 00000nam$a2200000$$$4500
001 0102642
005 20240318141253.4
041 0 |a slo 
044 |a SK 
245 1 0 |a Environmentálne dane v krajinách Európskej Únie  |b bakalárska práca  |c Kristína Dobiašová ; škol. Martin Geško 
264 1 |a Bratislava  |c 2009 
300 |a 45 s. 
100 1 |a Dobiašová, Kristína 
700 1 |a Geško, Martin 
710 2 |a Národohospodárska fakulta EU. Katedra financií